Statistics for Languages of Austria Quiz (with map)

Click here to take the quiz!

General Stats

  • This quiz has been taken 1,071 times
  • The average score is 7 of 8

Answers on the Map

Answers color-coded by a green-red scale on the quiz's map according to % correct below.
 

Answer Stats

Answer% Correct
Swabian
96%
High Alemannic
95%
Highest Alemannic
95%
Hungarian
90%
Slovene
88%
Central Bavarian
85%
Southern Bavarian
85%
Burgenland Croatian
70%

Score Distribution

Percentile by Number Answered

Percent of People with Each Score

Your Score History

You have not taken this quiz